| 000 | 00494nam a22001817a 4500 | ||
|---|---|---|---|
| 003 | CEME | ||
| 005 | 20210628202839.0 | ||
| 008 | 210120b xxu||||| |||| 00| 0 eng d | ||
| 020 | _a0-13-040969-3 | ||
| 040 | _cCEME | ||
| 082 | _a511.1 MEN | ||
| 100 |
_aMendel, Jerry .M _961935 |
||
| 245 | _aUncertain rule based fuzzy logic systems , introduction and new directions | ||
| 260 |
_aNEW YORK _bPRENTICE HALL _c2001 |
||
| 300 | _aXV,555 P | ||
| 650 |
_aFUZZY LOGIC _960142 |
||
| 942 |
_cBK _2ddc |
||
| 999 |
_c571211 _d571211 |
||